00402nam a22001457a 450000500170000000800410001702000180005805000170007610000170009324500440011025000120015426000450016630000260021150000190023720241215145359.0241215b |||||||| |||| 00| 0 eng d a9780192633316 aQP34.5b.G72 aGreen, J. H. aBasic Clinical Physiology/cJ. H. Green a3rd ed. aNew York bOxford University Pressc2002 ax.176p.bill.c24.5cm aincludes index